000 00557nam a2200181Ia 4500
003 GCL
005 20240530103558.0
008 140319s9999 xx 000 0 ara d
040 _aGCL /
_cGCL
082 0 4 _a811.094
_bم ش
100 1 _aمحمد الفيتورى
245 1 0 _aشرق الشمس غرب القمر /
_cمحمد الفيتورى
300 _a157 ص
650 0 4 _aالشعر العربى
650 0 4 _aالشعر العربى - دواوين وقصائد
650 0 4 _aالشعر العربى - العصر الحديث
942 _2ddc
_cBK
999 _c40845
_d40845